000 00576nam a2200193 4500
001 108953
003 ES-MaACL
005 20230906184739.0
007 t|
008 061121s1972 sp r ||||1| spa d
100 1 _aMoore, Robin.
_982824
245 1 0 _aConsejo de guerra /
_cpor Robin Moore y Henry Rothblatt ; [ traducción de J. Ferrer Aleu].
250 _a[1.ª ed.].
260 _aBarcelona :
_bPlaza Janés,
_c1972.
300 _a488 p. ;
_c20 m.
700 1 _aRothblatt, Henry.
_999964
700 1 _aFerrer Aleu, J.
_950442
852 _aES-MaACL
_jC-49467
_bR.84257
999 _c108953
_d108953